Statistics for Fill in the gaps for bts' dynamite lyrics!

Click here to take the quiz!

General Stats

  • This quiz has been taken 31 times
  • The average score is 11 of 14

Answer Stats

HintAnswer% Correct
Life is sweet as _____ yeah this beat cha ching like _____honey, money
89%
King Kong ____ the drum rolling on like a _______ stonekick , rolling
89%
Ding dong ____ me on my phone ice ___ and a game of ____ ____call, tea, ping pong
85%
Shoes on get up in the ____ cup of milk lets ____ and ____morn' , rock , roll
81%
Sing ____ when I'm walking home jump up to the top ______song, LeBron
81%
Cause I'm I'm I'm in the _____ _______ so watch me bring the ____ set the night ______stars tonight, fire, alight
81%
This is getting _____ can you hear the base ____ I'm readyheavy, boom
78%
Day or _____ the sky's alight so we dance to the break of ____night, dawn
78%
_______ through the city with a little funk and ____ yeah ima light it up like ________ woahshining, soul, dynamite
78%
Disco ________ I'm into that I'm good to __overload, go
74%
I'm ______ you know I ____ up hey so lets godiamond, glow
70%
Bring a _____ join the crowd _______ wanna come alongfriend, whoever
67%
Ladies and _________ I got the ________ so you should keep ya eyes on the ____gentlemen, medicine ball
63%
Word up talk the ____ just move like we off the ____talk, wall
52%

Score Distribution

Percentile by Number Answered

Percent of People with Each Score

Your Score History

You have not taken this quiz